000 00908nam a2200253 a 4500
001 000017282
003 DO-SdBNP
005 20250227073854.0
008 100322s2000 dr 000 j spa d
020 _z9993432032
040 _aDO-SdBNP
_bspa
_cBNPHU
082 4 _aRD863.44
_bV443cu
100 1 _aVeloz Maggiolo, Marcio,
_d1936-2021
_91104
245 1 0 _aCuentos para otros milenios :
_bantología personal /
_cMarcio Veloz Maggiolo ; presentación José Alcántara Almánzar.
260 _aSanto Domingo :
_bCole,
_c2000.
300 _a199 p. ;
_c22 cm.
590 _aInventariado, 2020/MFF
600 1 0 _aVeloz Maggiolo, Marcio,
_d1936-2021
_xCrítica e interpretación
_91104
650 4 _aCuentos dominicanos
_xAntologías
_922560
650 0 _aLiteratura dominicana.
_967
700 1 2 _aAlcántara Almánzar, José
_d1946-
_97018
910 _aValidado. Control de calidad MMOLINA
942 _2ddc
_cLBS1
999 _c16807
_d16807